[Event "DEM U16w 2015"]
[Site "Willingen GER"]
[Date "2015.05.25"]
[Round "3"]
[White "Usczeck, Alina"]
[Black "Moses, Selina"]
[Result "1/2-1/2"]
[Termination "normal"]
[Board "2"]
[WhiteElo "1755"]
[BlackElo "1809"]
[WhiteClock "00:08:22"]
[BlackClock "00:35:07"]
[PlyCount "51"]
[WhiteFideId "12938114"]
[BlackFideId "12908070"]
[EventCountry "GER"]
[EventRounds "9"]
[EventType "swiss"]
[EventDate "2015.05.23"]

1. e4 c5 2. c3 d5 3. exd5 Qxd5 4. Nf3 Nf6 5. Na3 Bg4 6. Bc4 Qe4+ 7. Be2 a6 8.
d3 Qd5 9. Nc4 Nbd7 10. Ne3 Qc6 11. Nxg4 Nxg4 12. O-O e6 13. d4 Bd6 14. h3 Ngf6
15. dxc5 Bxc5 16. Bf4 Nd5 17. Bg3 O-O 18. Ne5 Nxe5 19. Bxe5 Rfd8 20. Qb3 Rac8
21. Bf3 Qb6 22. Qxb6 Bxb6 23. Rfe1 Rd7 24. Rad1 Rcd8 25. Bd4 Bxd4 26. Rxd4
1/2-1/2

[Event "DEM U16w 2015"]
[Site "Willingen GER"]
[Date "2015.05.25"]
[Round "3"]
[White "Brandl, Lea Maria"]
[Black "Peters, Theresa"]
[Result "1/2-1/2"]
[Termination "normal"]
[Board "4"]
[WhiteElo "1779"]
[BlackElo "1647"]
[WhiteClock "00:14:51"]
[BlackClock "00:22:57"]
[PlyCount "50"]
[WhiteFideId "24693049"]
[BlackFideId "12952192"]
[EventCountry "GER"]
[EventRounds "9"]
[EventType "swiss"]
[EventDate "2015.05.23"]

1. d4 Nf6 2. c4 e6 3. Nc3 Bb4 4. Qc2 b6 5. a3 Bxc3+ 6. Qxc3 Bb7 7. Nf3 d6 8. e3
O-O 9. Bd3 c5 10. O-O Ne4 11. Qc2 f5 12. Nd2 Ng5 13. f4 Nf7 14. d5 Nh6 15. e4
exd5 16. exd5 Qf6 17. Nf3 Re8 18. Bd2 b5 19. b3 a5 20. Bc3 Qf8 21. Ng5 Bc8 22.
a4 b4 23. Bb2 Ra7 24. h3 Rae7 25. Rad1 Kh8 1/2-1/2

[Event "DEM U16w 2015"]
[Site "Willingen GER"]
[Date "2015.05.25"]
[Round "3"]
[White "Denkert, Anna"]
[Black "Rogozenco, Teodora"]
[Result "0-1"]
[Termination "normal"]
[Board "5"]
[WhiteElo "1689"]
[BlackElo "1961"]
[WhiteClock "00:47:51"]
[BlackClock "00:06:48"]
[PlyCount "74"]
[WhiteFideId "12938122"]
[BlackFideId "12938084"]
[EventCountry "GER"]
[EventRounds "9"]
[EventType "swiss"]
[EventDate "2015.05.23"]

1. e4 e5 2. Nf3 Nc6 3. Bc4 Bc5 4. d3 Nf6 5. O-O O-O 6. c3 a6 7. Bb3 Ba7 8. Nbd2
d6 9. h3 h6 10. Re1 Re8 11. Nf1 Be6 12. Ng3 d5 13. Bc2 dxe4 14. dxe4 Qxd1 15.
Rxd1 Rad8 16. b3 Rxd1+ 17. Bxd1 Rd8 18. Bb2 Nd7 19. Bc2 Nc5 20. Ne1 a5 21. Rd1
Ra8 22. Bb1 a4 23. b4 a3 24. Bxa3 Na4 25. Rc1 Rd8 26. Nf3 Nxc3 27. Rxc3 Rd1+
28. Nf1 Rxb1 29. Rc2 Bb6 30. Rb2 Ra1 31. b5 Nd4 32. Nxe5 f6 33. Ng4 Bc4 34.
Nge3 Bxb5 35. Rd2 c5 36. f3 Bxf1 37. Nxf1 c4 0-1

[Event "DEM U16w 2015"]
[Site "Willingen GER"]
[Date "2015.05.25"]
[Round "3"]
[White "Grund, Melanie"]
[Black "Simon, Tessa"]
[Result "1/2-1/2"]
[Termination "normal"]
[Board "6"]
[WhiteElo "1782"]
[BlackElo "1903"]
[PlyCount "76"]
[WhiteFideId "12988804"]
[BlackFideId "12929395"]
[EventCountry "GER"]
[EventRounds "9"]
[EventType "swiss"]
[EventDate "2015.05.23"]

1. d4 d5 2. e3 c5 3. c3 Nc6 4. f4 Bf5 5. Bd3 Bxd3 6. Qxd3 e6 7. Nf3 Nf6 8. O-O
Bd6 9. Ne5 O-O 10. Nd2 Qc7 11. Ndf3 Ne4 12. Nxc6 bxc6 13. Ne5 f6 14. Ng4 c4 15.
Qe2 c5 16. Nf2 Nxf2 17. Rxf2 Rab8 18. Qg4 Qe7 19. Qf3 cxd4 20. exd4 Rb5 21. Rd2
Kh8 22. Rf2 Rfb8 23. Rb1 e5 24. fxe5 fxe5 25. dxe5 Qxe5 26. Bf4 Qe6 27. Bxd6
Qxd6 28. Qf7 R5b7 29. Qf4 Qe7 30. Rbf1 h6 31. Qd4 Rxb2 32. Rxb2 Rxb2 33. Qxd5
Rxa2 34. Qxc4 Ra5 35. Qb4 Qxb4 36. cxb4 Rb5 37. Rf8+ Kh7 38. Rf7 Rxb4 1/2-1/2

[Event "DEM U16w 2015"]
[Site "Willingen GER"]
[Date "2015.05.25"]
[Round "3"]
[White "Christiansen, Anna"]
[Black "Sewald, Kathrin"]
[Result "0-1"]
[Termination "normal"]
[Board "7"]
[WhiteElo "1359"]
[BlackElo "1594"]
[PlyCount "92"]
[WhiteFideId "12952230"]
[BlackFideId "12964557"]
[EventCountry "GER"]
[EventRounds "9"]
[EventType "swiss"]
[EventDate "2015.05.23"]

1. e4 e5 2. Nf3 Nc6 3. Bc4 Bc5 4. c3 Nf6 5. d4 exd4 6. e5 d5 7. Bb5 Ne4 8. cxd4
Bb6 9. Bxc6+ bxc6 10. h3 Ba6 11. Nc3 O-O 12. Ne2 Ba5+ 13. Bd2 Nxd2 14. Nxd2 Qg5
15. g3 Rab8 16. b3 f6 17. f4 Qf5 18. Qb1 Bd3 19. Qb2 Qe4 20. Rh2 Qe3 21. O-O-O
Bxe2 22. Re1 Qxd2+ 23. Qxd2 Bxd2+ 24. Kxd2 Bf3 25. Rc1 Rb6 26. h4 Be4 27. Ke3
fxe5 28. dxe5 Kf7 29. Rb2 h5 30. a4 a5 31. Rc5 Ra8 32. Rc3 Raa6 33. Rc1 Ke6 34.
Kd4 Rb4+ 35. Ke3 Bf5 36. Kf2 d4 37. Rc5 Be4 38. Ke2 Bd5 39. Kd3 Rxb3+ 40. Rxb3
Bxb3 41. Kxd4 Bxa4 42. Ke4 g6 43. Kd3 Bb5+ 44. Kc2 a4 45. Kb2 a3+ 46. Ka2 Ra4
0-1

[Event "DEM U16w 2015"]
[Site "Willingen GER"]
[Date "2015.05.25"]
[Round "3"]
[White "Gatzke, Carolin"]
[Black "Klinkenberg, Cora"]
[Result "1-0"]
[Termination "normal"]
[Board "8"]
[WhiteElo "1787"]
[BlackElo "1622"]
[PlyCount "55"]
[WhiteFideId "12943746"]
[BlackFideId "16203186"]
[EventCountry "GER"]
[EventRounds "9"]
[EventType "swiss"]
[EventDate "2015.05.23"]

1. d3 Nc6 2. g3 d6 3. Bg2 Bd7 4. e4 g6 5. c4 Bg7 6. Nc3 Nf6 7. Nge2 O-O 8. O-O
Qc8 9. Nf4 Ne5 10. h3 Re8 11. Kh2 Bh6 12. Nfd5 Bxc1 13. Rxc1 Nxd5 14. cxd5 f6
15. f4 Nf7 16. d4 Kg7 17. e5 dxe5 18. dxe5 fxe5 19. fxe5 Rd8 20. Qf3 Bf5 21.
Qe3 g5 22. e6 Nd6 23. Qxg5+ Kh8 24. Qxe7 Re8 25. Qf6+ Kg8 26. Nb5 Nxb5 27. Rxf5
Rf8 28. Rg5# 1-0

[Event "DEM U16w 2015"]
[Site "Willingen GER"]
[Date "2015.05.25"]
[Round "3"]
[White "Reyher, Susan"]
[Black "Eggert, Daniela"]
[Result "0-1"]
[Termination "normal"]
[Board "9"]
[WhiteElo "1680"]
[BlackElo "1647"]
[PlyCount "138"]
[WhiteFideId "24686107"]
[BlackFideId "12991490"]
[EventCountry "GER"]
[EventRounds "9"]
[EventType "swiss"]
[EventDate "2015.05.23"]

1. e4 g6 2. d4 Bg7 3. Nf3 d6 4. Nc3 Nd7 5. Bc4 e6 6. Be3 Ne7 7. Qd2 a6 8. Bh6
Bxh6 9. Qxh6 Ng8 10. Qe3 b5 11. Bb3 c5 12. a3 c4 13. Ba2 Bb7 14. O-O Ngf6 15.
b3 cxb3 16. Bxb3 O-O 17. Ng5 Re8 18. f4 h6 19. Nh3 Kg7 20. Nf2 e5 21. fxe5 dxe5
22. d5 Rc8 23. Nd3 Rxc3 24. Kh1 Rc8 25. Rf3 Qb6 26. Qe2 Re7 27. Raf1 Rf8 28.
Rg1 Bc8 29. g4 Qd4 30. Nf2 b4 31. axb4 Qxb4 32. g5 hxg5 33. Rxg5 Qd6 34. c4 Nc5
35. Bc2 Rh8 36. Qe1 Rh5 37. Rg2 Re8 38. Re3 Reh8 39. Qb4 Nb7 40. Qxd6 Nxd6 41.
c5 Nb5 42. c6 Bh3 43. Nxh3 Rxh3 44. Rxh3 Rxh3 45. Rg3 Rxg3 46. hxg3 Kf8 47. Kg2
Ke7 48. Kf2 Ng4+ 49. Ke1 Ne3 50. Bd3 Kd6 51. Kd2 Ng4 52. Kc1 Nf2 53. Bc2 Na3
54. Bb3 Nxe4 55. Kb2 Nb5 56. Bc4 Nxg3 57. Kb3 e4 58. Kb4 e3 59. Ka5 e2 60. Kb6
e1=Q 61. Bxb5 axb5 62. c7 Qe8 63. Kb7 b4 64. c8=Q Qxc8+ 65. Kxc8 b3 66. Kd8 b2
67. Ke8 b1=Q 68. Kf8 Qb7 69. Kg7 Nf5+ 0-1

[Event "DEM U16w 2015"]
[Site "Willingen GER"]
[Date "2015.05.25"]
[Round "3"]
[White "Silber, Stefanie"]
[Black "Diener, Carolin Valeria"]
[Result "0-1"]
[Termination "normal"]
[Board "10"]
[WhiteElo "1590"]
[BlackElo "1706"]
[PlyCount "74"]
[WhiteFideId "12918245"]
[BlackFideId "24699063"]
[EventCountry "GER"]
[EventRounds "9"]
[EventType "swiss"]
[EventDate "2015.05.23"]

1. e4 e5 2. Nf3 Nc6 3. Bb5 a6 4. Bxc6 dxc6 5. O-O f6 6. d4 exd4 7. Nxd4 c5 8.
Nb3 Qxd1 9. Rxd1 Bg4 10. f3 Be6 11. Be3 b6 12. Nc3 Bd6 13. Nd5 O-O-O 14. a4 Ne7
15. Nxe7+ Bxe7 16. Kf2 Bd6 17. g3 g5 18. a5 Bxb3 19. cxb3 Kb7 20. Bd2 Be5 21.
Bc3 bxa5 22. Ke2 Bxc3 23. bxc3 Kb6 24. c4 Rd4 25. Rxd4 cxd4 26. Kd3 c5 27. g4
h5 28. gxh5 Rxh5 29. Ra2 Rh3 30. Rf2 a4 31. b4 cxb4 32. Kxd4 Rh8 33. Kd3 Rd8+
34. Ke3 Kc5 35. Rc2 a5 36. h3 a3 37. Ke2 b3 0-1

[Event "DEM U16w 2015"]
[Site "Willingen GER"]
[Date "2015.05.25"]
[Round "3"]
[White "Möller, Hannah"]
[Black "Hartmann, Cora"]
[Result "0-1"]
[Termination "normal"]
[Board "11"]
[WhiteElo "1583"]
[BlackElo "1585"]
[PlyCount "116"]
[WhiteFideId "1270514"]
[BlackFideId "16200764"]
[EventCountry "GER"]
[EventRounds "9"]
[EventType "swiss"]
[EventDate "2015.05.23"]

1. Nf3 d5 2. g3 Nf6 3. Bg2 Nc6 4. d3 e5 5. O-O Bc5 6. c4 O-O 7. cxd5 Nxd5 8.
Nc3 Be6 9. Bd2 Re8 10. Qc2 Qd7 11. Nxd5 Qxd5 12. Ng5 Qd6 13. e3 Bd5 14. Ne4
Bxe4 15. Bxe4 Nd8 16. Bc3 c6 17. Rfd1 Ne6 18. Rac1 Bb6 19. a3 Rad8 20. b4 Qc7
21. Rd2 Rd7 22. Bb2 Rc8 23. Qc3 f6 24. Qc4 Re8 25. Rcd1 Kh8 26. d4 exd4 27.
exd4 Rde7 28. Bg2 Ng5 29. Qd3 Qd7 30. a4 Re1+ 31. Rxe1 Rxe1+ 32. Bf1 Qd5 33. f3
Nxf3+ 34. Kf2 Rxf1+ 35. Kxf1 Nxd2+ 36. Qxd2 Qh1+ 37. Ke2 Qxh2+ 38. Kd1 Qxd2+
39. Kxd2 Kg8 40. Ke3 Kf7 41. Ke4 Ke6 42. g4 g6 43. b5 Bc7 44. Bc1 h5 45. gxh5
gxh5 46. Be3 h4 47. Kf3 h3 48. Bf2 h2 49. Kg2 Kd5 50. Be3 Kc4 51. bxc6 bxc6 52.
a5 a6 53. Kh1 Bg3 54. Kg2 f5 55. d5 cxd5 56. Kh1 f4 57. Bd2 f3 58. Bf4 f2 0-1

[Event "DEM U16w 2015"]
[Site "Willingen GER"]
[Date "2015.05.25"]
[Round "3"]
[White "Oberhofer, Marie"]
[Black "Giede, Anna-Blume"]
[Result "1/2-1/2"]
[Termination "normal"]
[Board "12"]
[WhiteElo "1694"]
[BlackElo "1454"]
[PlyCount "58"]
[WhiteFideId "12938165"]
[BlackFideId "12921980"]
[EventCountry "GER"]
[EventRounds "9"]
[EventType "swiss"]
[EventDate "2015.05.23"]

1. e4 c6 2. d4 d5 3. e5 c5 4. Nf3 Nc6 5. dxc5 e6 6. Be2 Bxc5 7. O-O Nge7 8. Bf4
Ng6 9. Bg3 O-O 10. c3 Bd7 11. Qc2 Rc8 12. Nbd2 Bb6 13. Qd1 Bc7 14. Nb3 Bxe5 15.
Nxe5 Ncxe5 16. Nd4 a6 17. a4 Nc6 18. Nf3 Nce7 19. h3 Qb6 20. Qd2 Nf5 21. Bh2
Nd6 22. Bd3 Nc4 23. Bxc4 Rxc4 24. a5 Qd8 25. Qe3 Bb5 26. Rfd1 Qe7 27. Nd4 Qd7
28. Nf3 Qe7 29. Nd4 Qd7 1/2-1/2

[Event "DEM U16w 2015"]
[Site "Willingen GER"]
[Date "2015.05.26"]
[Round "4"]
[White "Wächter, Nathalie"]
[Black "Weis, Olga"]
[Result "1-0"]
[Termination "normal"]
[Board "1"]
[WhiteElo "1925"]
[BlackElo "1739"]
[WhiteClock "00:14:06"]
[BlackClock "00:20:22"]
[PlyCount "95"]
[WhiteFideId "12921033"]
[BlackFideId "1270234"]
[EventCountry "GER"]
[EventRounds "9"]
[EventType "swiss"]
[EventDate "2015.05.23"]

1. d4 c5 2. d5 Nf6 3. c4 b5 4. e3 g6 5. Nf3 Bg7 6. Be2 O-O 7. O-O Bb7 8. Qb3
Qb6 9. Rd1 b4 10. a3 bxa3 11. Rxa3 Na6 12. Bd2 Nb4 13. Nc3 a5 14. Re1 d6 15. e4
Nd7 16. Bf1 Ba6 17. Bf4 Qc7 18. Qd1 Nb6 19. Qb3 Nd7 20. Na4 Rfb8 21. Qd1 Bc8
22. Bd2 Nb6 23. Nxb6 Qxb6 24. Bc3 Bxc3 25. Rxc3 f6 26. Nh4 Qd8 27. Rg3 Kf7 28.
f4 e5 29. fxe5 dxe5 30. Nf3 a4 31. Qd2 Kg7 32. h4 h5 33. Be2 Bg4 34. Nh2 Bxe2
35. Qxe2 Qh8 36. Rf1 Rf8 37. Qf2 Na6 38. Qf5 Qh6 39. Qd7+ Rf7 40. Qxa4 Qd2 41.
Qd1 Qxb2 42. Qxh5 Qd4+ 43. Kh1 Qxe4 44. Rg4 Qd3 45. Rf5 Qd1+ 46. Nf1 Kf8 47.
Qxg6 Ke7 48. Re4 1-0

[Event "DEM U16w 2015"]
[Site "Willingen GER"]
[Date "2015.05.26"]
[Round "4"]
[White "Rogozenco, Teodora"]
[Black "Usczeck, Alina"]
[Result "1-0"]
[Termination "normal"]
[Board "3"]
[WhiteElo "1961"]
[BlackElo "1755"]
[WhiteClock "00:35:55"]
[BlackClock "00:03:26"]
[PlyCount "59"]
[WhiteFideId "12938084"]
[BlackFideId "12938114"]
[EventCountry "GER"]
[EventRounds "9"]
[EventType "swiss"]
[EventDate "2015.05.23"]

1. d4 c6 2. c4 Nf6 3. Nc3 d5 4. cxd5 cxd5 5. Bf4 Nc6 6. e3 Bf5 7. Qb3 Qd7 8.
Nf3 e6 9. Ne5 Qc8 10. Bb5 Nd7 11. Rc1 Ndxe5 12. Bxe5 f6 13. Bg3 a6 14. Bxc6+
Qxc6 15. O-O Rc8 16. Ne2 Qd7 17. Rxc8+ Qxc8 18. Rc1 Qd7 19. Rc7 Qb5 20. Qxb5+
axb5 21. Nc3 b4 22. Nb5 Bd3 23. Rxb7 Bxb5 24. Rxb5 Kd7 25. Rb8 g5 26. f3 h5 27.
b3 g4 28. Be1 Kc7 29. Ra8 Kb7 30. Re8 1-0

[Event "DEM U16w 2015"]
[Site "Willingen GER"]
[Date "2015.05.26"]
[Round "4"]
[White "Moses, Selina"]
[Black "Peters, Theresa"]
[Result "0-1"]
[Termination "normal"]
[Board "4"]
[WhiteElo "1809"]
[BlackElo "1647"]
[WhiteClock "00:29:51"]
[BlackClock "00:36:04"]
[PlyCount "106"]
[WhiteFideId "12908070"]
[BlackFideId "12952192"]
[EventCountry "GER"]
[EventRounds "9"]
[EventType "swiss"]
[EventDate "2015.05.23"]

1. e4 c5 2. Nf3 e6 3. d4 cxd4 4. Nxd4 a6 5. Nc3 Qc7 6. g3 Nf6 7. Bg2 Nc6 8. O-O
b5 9. e5 Ng8 10. Nxc6 dxc6 11. Be3 Ne7 12. Bc5 Nd5 13. Bxf8 Kxf8 14. Qd4 Qe7
15. Ne4 h5 16. c4 bxc4 17. Qxc4 Bd7 18. Nc5 Bc8 19. Rac1 h4 20. Nb3 Bd7 21. Qc5
Rh5 22. f4 f6 23. exf6 gxf6 24. Qxe7+ Kxe7 25. g4 Rhh8 26. h3 Rab8 27. Rf2 Rb4
28. Na5 Rxf4 29. Rxf4 Nxf4 30. Nxc6+ Kf7 31. Nd4 e5 32. Rc7 exd4 33. Rxd7+ Ke6
34. Bc6 Rb8 35. Rb7 Rxb7 36. Bxb7 d3 37. Bf3 Nxh3+ 38. Kf1 Ke5 39. Kg2 Nf4+ 40.
Kf2 Kd4 41. Bd1 a5 42. Kf3 Nd5 43. Kf2 Ne3 44. Bf3 d2 45. b3 d1=Q 46. Bxd1
Nxd1+ 47. Kg2 Nc3 48. a3 Nb5 49. b4 a4 50. Kh3 Nxa3 51. Kxh4 Nb5 52. Kh5 a3 53.
Kg6 Ke5 0-1

[Event "DEM U16w 2015"]
[Site "Willingen GER"]
[Date "2015.05.26"]
[Round "4"]
[White "Simon, Tessa"]
[Black "Diener, Carolin Valeria"]
[Result "0-1"]
[Termination "normal"]
[Board "5"]
[WhiteElo "1903"]
[BlackElo "1706"]
[WhiteClock "00:12:27"]
[BlackClock "00:22:51"]
[PlyCount "99"]
[WhiteFideId "12929395"]
[BlackFideId "24699063"]
[EventCountry "GER"]
[EventRounds "9"]
[EventType "swiss"]
[EventDate "2015.05.23"]

1. e4 e5 2. Nf3 Nc6 3. Bb5 a6 4. Ba4 Nf6 5. d3 b5 6. Bb3 d6 7. c3 Na5 8. Bc2 c5
9. Nbd2 Be7 10. Nf1 Nc6 11. Ng3 O-O 12. O-O Be6 13. h3 h6 14. Nh2 d5 15. Qf3 d4
16. Ng4 Nxg4 17. hxg4 dxc3 18. bxc3 b4 19. Bd2 Bg5 20. Be1 Qc8 21. Bd1 Rd8 22.
Qe2 Qd7 23. Ba4 Bxg4 24. f3 Be6 25. cxb4 cxb4 26. Qc2 Nd4 27. Qd1 Qe7 28. Ne2
Be3+ 29. Bf2 Bxf2+ 30. Rxf2 a5 31. Nxd4 Rxd4 32. Qe2 Rc8 33. f4 exf4 34. Rxf4
Rc3 35. Bb5 Qc5 36. Qf2 Rd8 37. Bc4 Qxf2+ 38. Kxf2 Bxc4 39. dxc4 Rxc4 40. Rf5
a4 41. Ra5 Rc2+ 42. Kg3 a3 43. Rb1 Rb2 44. Ra1 Rdd2 45. Ra8+ Kh7 46. Ra7 Rxg2+
47. Kh3 Rxa2 48. Rc1 Rac2 49. Rd1 Rgd2 50. Rf1 0-1

[Event "DEM U16w 2015"]
[Site "Willingen GER"]
[Date "2015.05.26"]
[Round "4"]
[White "Hartmann, Cora"]
[Black "Brandl, Lea Maria"]
[Result "1/2-1/2"]
[Termination "normal"]
[Board "6"]
[WhiteElo "1585"]
[BlackElo "1779"]
[PlyCount "48"]
[WhiteFideId "16200764"]
[BlackFideId "24693049"]
[EventCountry "GER"]
[EventRounds "9"]
[EventType "swiss"]
[EventDate "2015.05.23"]

1. e4 c5 2. Nf3 d6 3. Bb5+ Bd7 4. Bxd7+ Qxd7 5. c4 g6 6. d4 Bg7 7. Be3 Nc6 8.
Nc3 cxd4 9. Nxd4 Ne5 10. b3 e6 11. Ndb5 Nc6 12. Rc1 Rd8 13. Nxa7 Nxa7 14. Bxa7
Bxc3+ 15. Rxc3 Ra8 16. Bd4 e5 17. Be3 Rxa2 18. Rd3 Ra6 19. c5 Nf6 20. f3 O-O
21. Rxd6 Rxd6 22. Qxd6 Qxd6 23. cxd6 Rd8 24. Bc5 Rc8 1/2-1/2

[Event "DEM U16w 2015"]
[Site "Willingen GER"]
[Date "2015.05.26"]
[Round "4"]
[White "Ley, Sabrina"]
[Black "Grund, Melanie"]
[Result "1-0"]
[Termination "normal"]
[Board "7"]
[WhiteElo "1702"]
[BlackElo "1782"]
[PlyCount "41"]
[WhiteFideId "12938130"]
[BlackFideId "12988804"]
[EventCountry "GER"]
[EventRounds "9"]
[EventType "swiss"]
[EventDate "2015.05.23"]

1. e4 e5 2. Nf3 Nc6 3. Bc4 Bc5 4. b4 Bxb4 5. c3 Ba5 6. d4 exd4 7. O-O Nge7 8.
Ng5 d5 9. exd5 Ne5 10. Bb3 O-O 11. Qxd4 Ng4 12. Ba3 Nf6 13. Qc5 c6 14. Qxe7
cxd5 15. Qxf8+ Qxf8 16. Bxf8 Kxf8 17. Rd1 Be6 18. Nxe6+ fxe6 19. c4 Rc8 20.
cxd5 exd5 21. Nd2 1-0

[Event "DEM U16w 2015"]
[Site "Willingen GER"]
[Date "2015.05.26"]
[Round "4"]
[White "Eggert, Daniela"]
[Black "Gatzke, Carolin"]
[Result "1/2-1/2"]
[Termination "normal"]
[Board "8"]
[WhiteElo "1647"]
[BlackElo "1787"]
[PlyCount "49"]
[WhiteFideId "12991490"]
[BlackFideId "12943746"]
[EventCountry "GER"]
[EventRounds "9"]
[EventType "swiss"]
[EventDate "2015.05.23"]

1. Nf3 Nf6 2. g3 b6 3. Bg2 Bb7 4. O-O e6 5. c4 d5 6. b3 Be7 7. Bb2 O-O 8. d3 c5
9. a4 Nc6 10. Ne5 Qc7 11. Nxc6 Bxc6 12. f3 Rfd8 13. Qe1 Nd7 14. Nd2 Bf6 15.
Bxf6 Nxf6 16. Rb1 Qe5 17. Kh1 Rac8 18. Rf2 a6 19. Ra1 Qc3 20. Qc1 Qd4 21. Qe1
e5 22. e4 dxc4 23. dxc4 Rd6 24. Nf1 Ne8 25. Rd2 1/2-1/2

[Event "DEM U16w 2015"]
[Site "Willingen GER"]
[Date "2015.05.26"]
[Round "4"]
[White "Klinkenberg, Cora"]
[Black "Denkert, Anna"]
[Result "1/2-1/2"]
[Termination "normal"]
[Board "9"]
[WhiteElo "1622"]
[BlackElo "1689"]
[PlyCount "99"]
[WhiteFideId "16203186"]
[BlackFideId "12938122"]
[EventCountry "GER"]
[EventRounds "9"]
[EventType "swiss"]
[EventDate "2015.05.23"]

1. e4 c6 2. d4 d5 3. exd5 cxd5 4. Bd3 Nc6 5. c3 Nf6 6. h3 e6 7. Bf4 Bd6 8. Bxd6
Qxd6 9. Nf3 O-O 10. O-O Bd7 11. Re1 Qc7 12. Nbd2 Na5 13. Ne5 b5 14. Ndf3 Nc4
15. Bxc4 bxc4 16. Rb1 Qa5 17. Nxd7 Nxd7 18. Ra1 Rab8 19. Qc2 Rfc8 20. Rec1 Nf6
21. Nd2 Nh5 22. g3 Qc7 23. Kg2 Rb6 24. Rab1 Rc6 25. Nf3 Nf6 26. Nd2 Ra6 27. b4
Ne8 28. Ra1 Rb6 29. Re1 f6 30. f4 Qf7 31. Nf3 Nd6 32. g4 Re8 33. Re2 Qg6 34.
Qxg6 hxg6 35. Nd2 Nb5 36. Rc1 Ra6 37. Nb1 Kf7 38. Kf3 Ra4 39. a3 Rh8 40. Kg3 a5
41. Rce1 Re8 42. f5 gxf5 43. gxf5 Nxa3 44. bxa5 Nxb1 45. fxe6+ Kf8 46. Rxb1
Rxa5 47. Rb6 g6 48. Kg4 Ra1 49. Rb5 Rg1+ 50. Kf3 1/2-1/2

[Event "DEM U16w 2015"]
[Site "Willingen GER"]
[Date "2015.05.26"]
[Round "4"]
[White "Giede, Anna-Blume"]
[Black "Christiansen, Anna"]
[Result "0-1"]
[Termination "normal"]
[Board "10"]
[WhiteElo "1454"]
[BlackElo "1359"]
[PlyCount "94"]
[WhiteFideId "12921980"]
[BlackFideId "12952230"]
[EventCountry "GER"]
[EventRounds "9"]
[EventType "swiss"]
[EventDate "2015.05.23"]

1. e4 e5 2. Nf3 Nc6 3. d4 exd4 4. Nxd4 Qh4 5. Nf3 Qxe4+ 6. Be2 Be7 7. O-O Nf6
8. Re1 O-O 9. Nc3 Qb4 10. a3 Qd6 11. Bg5 Qxd1 12. Raxd1 h6 13. Bf4 d6 14. Nb5
Bd8 15. h3 a6 16. Nc3 Bf5 17. Bd3 Bxd3 18. Rxd3 Ne7 19. Rde3 Ned5 20. Nxd5 Nxd5
21. Re4 Nxf4 22. Rxf4 Bf6 23. c3 Rfe8 24. Rfe4 Rxe4 25. Rxe4 Kf8 26. Kf1 Re8
27. Re2 Rxe2 28. Kxe2 Ke7 29. Kd3 d5 30. Nd4 Bxd4 31. Kxd4 Kd6 32. f4 c5+ 33.
Kd3 f6 34. h4 g5 35. hxg5 hxg5 36. g3 gxf4 37. gxf4 b5 38. b4 d4 39. bxc5+ Kxc5
40. cxd4+ Kd5 41. Ke3 f5 42. Kd3 a5 43. Ke3 Kc4 44. d5 Kxd5 45. Kd3 b4 46. axb4
axb4 47. Kc2 Ke4 0-1

[Event "DEM U16w 2015"]
[Site "Willingen GER"]
[Date "2015.05.26"]
[Round "4"]
[White "Reyher, Susan"]
[Black "Oberhofer, Marie"]
[Result "0-1"]
[Termination "normal"]
[Board "11"]
[WhiteElo "1680"]
[BlackElo "1694"]
[PlyCount "60"]
[WhiteFideId "24686107"]
[BlackFideId "12938165"]
[EventCountry "GER"]
[EventRounds "9"]
[EventType "swiss"]
[EventDate "2015.05.23"]

1. e4 c5 2. Nf3 d6 3. d4 cxd4 4. Nxd4 Nf6 5. Nc3 g6 6. Be3 Bg7 7. f3 O-O 8. Qd2
Nc6 9. Bc4 Bd7 10. O-O-O Rc8 11. Bb3 Ne5 12. h4 h5 13. Rdg1 Nc4 14. Bxc4 Rxc4
15. g4 hxg4 16. h5 gxh5 17. Bh6 Qa5 18. Nb3 Qe5 19. Bf4 Qe6 20. Nd4 Rxd4 21.
Qxd4 a6 22. Qd2 b5 23. Kb1 Rc8 24. Bh6 Qe5 25. Bxg7 Kxg7 26. f4 Nxe4 27. Nxe4
Qxe4 28. Rxh5 Bf5 29. Rg2 Rxc2 30. Rg5+ Kf8 0-1

[Event "DEM U16w 2015"]
[Site "Willingen GER"]
[Date "2015.05.26"]
[Round "4"]
[White "Möller, Hannah"]
[Black "Silber, Stefanie"]
[Result "0-1"]
[Termination "normal"]
[Board "12"]
[WhiteElo "1583"]
[BlackElo "1590"]
[PlyCount "122"]
[WhiteFideId "1270514"]
[BlackFideId "12918245"]
[EventCountry "GER"]
[EventRounds "9"]
[EventType "swiss"]
[EventDate "2015.05.23"]

1. Nf3 d5 2. g3 Nc6 3. Bg2 e5 4. d3 Nf6 5. O-O Be7 6. c4 O-O 7. cxd5 Nxd5 8.
Nc3 Nb6 9. Bd2 Be6 10. h3 Qd7 11. Kh2 h6 12. a3 a5 13. Qc2 Rad8 14. Ne4 Qc8 15.
Rfc1 Rd5 16. Rab1 f5 17. Nc3 Rdd8 18. Nd1 a4 19. Bc3 Ba2 20. Ra1 Bb3 21. Qd2
Bf6 22. Qe1 Qd7 23. Nd2 Bd5 24. Ne3 Bxg2 25. Kxg2 Nd5 26. Ndf1 g5 27. Qd1 f4
28. Ng4 Bg7 29. Qxa4 h5 30. Ngh2 fxg3 31. fxg3 Qf7 32. Be1 e4 33. Rc2 exd3 34.
exd3 Bd4 35. Rd1 Ne3+ 36. Nxe3 Bxe3 37. Qc4 Rd5 38. Bc3 Qd7 39. Qe4 Bd4 40.
Bxd4 Rxd4 41. Qg6+ Qg7 42. Qxh5 Ne5 43. Rc5 b6 44. Rc3 g4 45. h4 Rf6 46. Qe8+
Rf8 47. Qe6+ Kh7 48. b4 Rd6 49. Qb3 Rdf6 50. Rc2 Nf3 51. Nxf3 gxf3+ 52. Kf2 Rg6
53. d4 Rxg3 54. Qd3+ Kh8 55. Rdd2 Re8 56. Qxf3 Rxf3+ 57. Kxf3 Qf6+ 58. Kg3 Rg8+
59. Kh3 Qf3+ 60. Kh2 Qg3+ 61. Kh1 Qg1# 0-1

[Event "DEM U16w 2015"]
[Site "Willingen GER"]
[Date "2015.05.26"]
[Round "5"]
[White "Peters, Theresa"]
[Black "Wächter, Nathalie"]
[Result "1/2-1/2"]
[Termination "normal"]
[Board "1"]
[WhiteElo "1647"]
[BlackElo "1925"]
[WhiteClock "00:36:42"]
[BlackClock "00:21:27"]
[PlyCount "93"]
[WhiteFideId "12952192"]
[BlackFideId "12921033"]
[EventCountry "GER"]
[EventRounds "9"]
[EventType "swiss"]
[EventDate "2015.05.23"]

1. e4 e5 2. Nf3 Nc6 3. d4 exd4 4. Nxd4 Bc5 5. Be3 Qf6 6. c3 Nge7 7. Bc4 Ne5 8.
Be2 Qg6 9. O-O d6 10. f4 Qxe4 11. Bf2 Qxf4 12. Nb5 Bxf2+ 13. Rxf2 Qh6 14. Nxc7+
Kd8 15. Nxa8 Bd7 16. Nd2 Bc6 17. Nc4 Nxc4 18. Bxc4 Kd7 19. Rxf7 Qe3+ 20. Rf2
Rxa8 21. Qe2 Qxe2 22. Bxe2 Bd5 23. Re1 Be6 24. Bb5+ Nc6 25. Rfe2 Re8 26. Bd3 g6
27. Bc4 Ne5 28. Bxe6+ Rxe6 29. c4 b6 30. b4 Kc6 31. Re4 Re8 32. h3 Rb8 33. Rd1
a5 34. Red4 Nf7 35. Rf1 Ne5 36. Rf6 Rd8 37. Re6 Rd7 38. a3 axb4 39. axb4 Nf7
40. Kf2 Ra7 41. Rf4 Ne5 42. Rd4 Nf7 43. Rf6 Re7 44. Rd3 Rd7 45. Rd5 Re7 46. Kf3
Ne5+ 47. Kf2 1/2-1/2